|
|
|
|
| LEADER |
01168nam a2200301 4500 |
| 001 |
38560 |
| 003 |
BD-DhAAL |
| 005 |
20220516105014.0 |
| 008 |
220516t1973 enka bs 001 0 eng d |
| 999 |
|
|
|c 44174
|d 44174
|
| 010 |
|
|
|a 73077258
|
| 020 |
|
|
|a 0521201713
|
| 040 |
|
|
|a DLC
|c DLC
|d DLC
|d BD-DhAAL
|
| 043 |
|
|
|a ew-----
|
| 050 |
0 |
0 |
|a HC240
|b .N66
|
| 082 |
0 |
0 |
|a 330.94
|
| 100 |
1 |
|
|a North, Douglass C.
|q (Douglass Cecil)
|9 48402
|
| 245 |
1 |
4 |
|a The rise of the Western world :
|b a new economic history /
|c Douglass C. North and Robert Paul Thomas.
|
| 260 |
|
|
|a Cambridge [Eng.] :
|b University Press,
|c 1973.
|
| 300 |
|
|
|a viii, 170 pages :
|b illustrations ;
|c 24 cm.
|
| 504 |
|
|
|a Includes bibliographical references.
|
| 541 |
|
|
|a Donated By Akbar Ali Khan
|e 38560
|
| 650 |
|
|
|a Economics.
|9 48403
|
| 651 |
|
0 |
|a Europe
|x Economic conditions.
|9 48404
|
| 700 |
1 |
|
|a Thomas, Robert Paul,
|d 1938-
|e joint author.
|9 48405
|
| 852 |
|
|
|a Ayesha Abed Library
|c Akbar Ali Khan Collection
|
| 942 |
|
|
|2 ddc
|c BK
|
| 952 |
|
|
|0 0
|1 0
|2 ddc
|4 0
|6 330_940000000000000_NOR
|7 1
|9 70610
|a BRACUL
|b BRACUL
|c AAKC
|d 2022-05-16
|e Donated by Akbar Ali Khan
|l 0
|o 330.94 NOR
|p 3010038560
|r 2022-05-16
|t 1
|w 2022-05-16
|y BK
|